<?xml version="1.0" encoding="UTF-8"?><?xml-stylesheet type="text/xsl" href="static/style.xsl"?><OAI-PMH xmlns="http://www.openarchives.org/OAI/2.0/" xmlns:xsi="http://www.w3.org/2001/XMLSchema-instance" xsi:schemaLocation="http://www.openarchives.org/OAI/2.0/ http://www.openarchives.org/OAI/2.0/OAI-PMH.xsd"><responseDate>2026-06-01T19:50:26Z</responseDate><request verb="GetRecord" identifier="oai:riuma.uma.es:10630/31330" metadataPrefix="marc">https://riuma.uma.es/rest/oai/request</request><GetRecord><record><header><identifier>oai:riuma.uma.es:10630/31330</identifier><datestamp>2026-02-03T11:12:45Z</datestamp><setSpec>com_10630_2254</setSpec><setSpec>col_10630_37953</setSpec></header><metadata><record xmlns="http://www.loc.gov/MARC21/slim" xmlns:dcterms="http://purl.org/dc/terms/" xmlns:doc="http://www.lyncode.com/xoai" xmlns:xsi="http://www.w3.org/2001/XMLSchema-instance" xsi:schemaLocation="http://www.loc.gov/MARC21/slim http://www.loc.gov/standards/marcxml/schema/MARC21slim.xsd">
   <leader>00925njm 22002777a 4500</leader>
   <datafield ind2=" " ind1=" " tag="042">
      <subfield code="a">dc</subfield>
   </datafield>
   <datafield ind2=" " ind1=" " tag="720">
      <subfield code="a">Vázquez-Fariñas, María</subfield>
      <subfield code="e">author</subfield>
   </datafield>
   <datafield ind2=" " ind1=" " tag="260">
      <subfield code="c">2024-01-11</subfield>
   </datafield>
   <datafield ind2=" " ind1=" " tag="520">
      <subfield code="a">This paper presents the evolution of the regulation of the gas industry in France and Spain during the 19th century. To this end, numerous studies on gas management have been analysed and the evolutionary process of this public service has been examined from a legislative and organisational point of view. This provides an approach to the development of this sector, which in both countries was based on the concession model, where private companies managed the gas lighting service, led by both foreign and national entrepreneurs.</subfield>
   </datafield>
   <datafield ind1="8" ind2=" " tag="024">
      <subfield code="a">Vázquez-Fariñas, M. (2024): "The regulation and expansion of the gas industry in nineteenth-century France and Spain: a comparative approach". Journal of Energy History/Revue d'Histoire de l'Énergie [Online], n°11. URL : energyhistory.eu/en/node/383</subfield>
   </datafield>
   <datafield ind1="8" ind2=" " tag="024">
      <subfield code="a">https://www.energyhistory.eu/en/varia/regulation-and-expansion-gas-industry-nineteenth-century-france-and-spain-comparative</subfield>
   </datafield>
   <datafield ind1="8" ind2=" " tag="024">
      <subfield code="a">https://hdl.handle.net/10630/31330</subfield>
   </datafield>
   <datafield tag="653" ind2=" " ind1=" ">
      <subfield code="a">Gas - Industria - España - S.XIX</subfield>
   </datafield>
   <datafield tag="653" ind2=" " ind1=" ">
      <subfield code="a">Gas - Industria - Francia - S.XIX</subfield>
   </datafield>
   <datafield ind2="0" ind1="0" tag="245">
      <subfield code="a">The regulation and expansion of the gas industry in nineteenth-century France and Spain: a comparative approach.</subfield>
   </datafield>
</record>
</metadata></record></GetRecord></OAI-PMH>